000 00291nam a2200109Ia 4500
008 200302s9999 xx 000 0 und d
100 _aS. E. Jorgensen & Other
245 _aHand Book of Environmental and Ecological Modeling
260 _bC R C Press Inc.
260 _c1996
300 _a672 P.,
999 _c2150
_d2150